Admiralty notices to nariners (Record no. 2121)
[ view plain ]
| 000 -LEADER | |
|---|---|
| fixed length control field | 00342nam a2200145Ia 4500 |
| 008 - FIXED-LENGTH DATA ELEMENTS--GENERAL INFORMATION | |
| fixed length control field | 191121s9999||||xx |||||||||||||| ||und|| |
| 082 ## - DEWEY DECIMAL CLASSIFICATION NUMBER | |
| Classification number | Column-5 |
| 100 ## - MAIN ENTRY--PERSONAL NAME | |
| Personal name | Admiralty |
| 245 #0 - TITLE STATEMENT | |
| Title | Admiralty notices to nariners |
| 250 ## - EDITION STATEMENT | |
| Edition statement | 40th Ed. |
| 260 ## - PUBLICATION, DISTRIBUTION, ETC. (IMPRINT) | |
| Name of publisher, distributor, etc | Admiralty Charts and Publications |
| 260 ## - PUBLICATION, DISTRIBUTION, ETC. (IMPRINT) | |
| Date of publication, distribution, etc | 2007 |
| 942 ## - ADDED ENTRY ELEMENTS (KOHA) | |
| Item type | Books |
No items available.


